00502nam a2200157 a 450008200160000010000190001624500470003526000450008230000090012750000350013665000210017170000190019294200070021195201110021899900150032900a291.09bKIT aEliade, Mircea aHistory of Religions Essays in Methodology aChicagobChicago University Press c1962 a163p aincludes index and biblioraphy aReligion-History1 aEliade, Mircea cBK 00104070aHMIbHMId2007-04-05g100.00l21m2o291.09 KITp02777r2024-08-29s2024-08-01w2026-01-16yEB c2806d2806